Представление документа в формате MARC21

Поле Инд. ПП Название Значение
Тип записи a
Библиографический уровень m
001 Контрольный номер 5ead3c61-cdf1-4a46-a9f5-7ccdad058a91
005 Дата корректировки 20140703125028.3
008 Кодируемые данные 040415
020 a ISBN 5-354-00389-X
c Цена, тираж 41.00
040 a Служба первич. каталог. НБ ТвГУ
041 a Код языка текста rus
080 a Индекс УДК 510.6(075.8)
084 a Индекс другой классификации/Индекс ББК В122я73-1
090 x Авторский знак К60
a Полочн. индекс В122
100 1_ a Автор Колмогоров Андрей Николаевич
245 10 a Заглавие Математическая логика
b Продолж. заглавия Учеб. пособие для студентов мат. специальностей вузов
c Ответственность А. Н. Колмогоров, А. Г. Драгалин; МГУ им. М. В. Ломоносова
260 0_ a Место издания Москва
b Издательство Едиториал УРСС
c Дата издания 2004
300 a Объем 238 с.
440 a Серия Классический университетский учебник
504 a Библиография Библиогр.: с.228
a Библиография Имен., предм. указ.: с.229-236.
583 a Действие Получение впервые 154 15.04.2004
k Исполнитель действия Дар РГГУ
583 a Действие Приписка 390 21.10.2004
k Исполнитель действия Дар ООО "Книжный мир"
583 a Действие Приписка 443 10.12.2004
k Исполнитель действия ООО "Книжный мир"
650 a Основная рубрика Математическая логика
x Основная подрубрика Учебники для вузов
653 a Ключевые слова Математическая логика
700 1_ a Другие авторы Драгалин Альберт Григорьевич
e Роль лиц авт.
700 1_ a Другие авторы Минц Г. Е.
e Роль лиц отв. ред.
700 1_ a Другие авторы Садовничий В. А.
e Роль лиц пред. ред. совета сер.
852 t Порядковый номер экземпляра 15
p Инвентарный номер 781903
p Инвентарный номер 790741 165.00
p Инвентарный номер 790742 165.00
p Инвентарный номер 790743 165.00
p Инвентарный номер 790744 165.00
p Инвентарный номер 790745 165.00
p Инвентарный номер 790746 165.00
p Инвентарный номер 790747 165.00
p Инвентарный номер 790748 165.00
p Инвентарный номер 790749 165.00
p Инвентарный номер 790750 165.00
p Инвентарный номер 793402 165.00
p Инвентарный номер 793403 165.00
p Инвентарный номер 793404 165.00
p Инвентарный номер 793405 165.00
863 t 00026866
863 t 00022586
863 t 00022585
863 t 00022584
863 t 00022583
863 t 00022582
863 t 00022581
863 t 00022580
863 t 00022579
863 t 00022578
863 t 00022577
863 t 00021151
863 t 00021150
863 t 00021149
863 t 00021148
888 a Бесплатные
a За счет средств университета
930 a Новая/Ретро учебники
952 p 154.2004 41.00 1 781903
p 390.2004 165.00 1 790741
p 390.2004 165.00 1 790742
p 390.2004 165.00 1 790743
p 390.2004 165.00 1 790744
p 390.2004 165.00 1 790745
p 390.2004 165.00 1 790746
p 390.2004 165.00 1 790747
p 390.2004 165.00 1 790748
p 390.2004 165.00 1 790749
p 390.2004 165.00 1 790750
p 443.2004 165.00 1 793402
p 443.2004 165.00 1 793403
p 443.2004 165.00 1 793404
p 443.2004 165.00 1 793405
c Вид литературы К ру
954 a Дата поступления на обработку 20040518
999 a Подразделение 2 Фил3